| 000 | 01168cam a22003015a 4500 | ||
|---|---|---|---|
| 999 |
_c26898 _d26870 |
||
| 001 | 20506259 | ||
| 005 | 20181029104514.0 | ||
| 008 | 180522t2017 enka frb 001 0 eng d | ||
| 010 | _a 2017471124 | ||
| 020 | _a9780128097137 | ||
| 035 | _a(OCoLC)ocn974698932 | ||
| 040 |
_aBTCTA _beng _cBTCTA _dYDX _dBDX _dWSU _dOCLCO _dOCLCF _dWAU _dDLC _dEG-ScBUE |
||
| 082 | 0 | 4 |
_a620.004 _bKUN _222 |
| 100 | 1 |
_aKundu, Debasis. _941834 |
|
| 245 | 1 | 0 |
_aAnalysis of step-stress models : _bexisting results and some recent developments / _cDebasis Kundu and Ayon Ganguly. |
| 260 |
_aLondon : _bAcademic Press / Elsevier, _cc.2017. |
||
| 300 |
_ax, 171 p. : _bill. ; _c23 cm. |
||
| 504 | _aIncludes bibliographical references (pages 155-163) and index. | ||
| 505 | 0 | _aIntroduction -- Cumulative exposure model -- Other related models -- Step-stress life tests with multiple failure modes -- Miscellaneous topics. | |
| 650 | 7 |
_aAccelerated life testing. _2BUEsh |
|
| 650 | 7 |
_aStrains and stresses. _2BUEsh |
|
| 650 | 7 |
_aMaterials _xTesting. _2BUEsh |
|
| 651 | _2BUEsh | ||
| 653 |
_bENGCHE _cOctober2018 |
||
| 655 | _vReading book | ||
| 700 | 1 |
_aGanguly, Ayon. _941835 |
|
| 942 | _2ddc | ||